Sports Quiz

Random Sports or Football Quiz

Who started for the Eagles in Super Bowl Quiz Stats

 Plays Quiz not verified by Sporcle

Challenge
Share
Tweet
Embed
Score 0/24 Timer 05:00
0 Plays Today
Position Player % Correct
QBDonovan McNabb
100%
RBBrian Westbrook
100%
WRTerrell Owens
93.5%
KDavid Akers
93.5%
FSBrian Dawkins
90.3%
CoachAndy Reid
89.2%
CBSheldon Brown
76.3%
TELJ Smith
74.2%
CBLito Sheppard
74.2%
LBJeremiah Trotter
72%
DEJevon Kearse
69.9%
RTJon Runyan
68.8%
Position Player % Correct
WRTodd Pinkston
67.7%
SSMichael Lewis
66.7%
LTTra Thomas
59.1%
CHank Fraley
48.4%
DTCorey Simon
47.3%
LBDhani Jones
38.7%
RGJermane Mayberry
28%
DTDarwin Walker
22.6%
FBJosh Parry
20.4%
DEDerrick Burgess
19.4%
LGArtis Hicks
14%
LBKeith Adams
14%

You're not logged in!

Compare scores with friends on all Sporcle quizzes.
OR
Log In

You Might Also Like...

Show Comments

Extras

Top Quizzes Today


Score Distribution

Your Account Isn't Verified!

In order to create a playlist on Sporcle, you need to verify the email address you used during registration. Go to your Sporcle Settings to finish the process.

Report this User

Report this user for behavior that violates our Community Guidelines.

Details: